000 00966nam a2200193Ii 4500
003 JO-AjNU
008 230605s9999||||xx |||||||||||||| ||und||
040 _aJO-AjNU
_bara
_erda
_cJO-AjNU
041 _aara
050 1 4 _aDS154.6.A4282
100 3 _aاعداد وتحرير العمايرة، شرين اسماعيل، اعداد وتحرير زهران، وسام ابراهيم؛ تحقيق حمو، ماجد موسى,
_eauthor
_948468
245 0 0 _aجلالة الملك عبدالله الثاني بن الحسين المعظم والجسور الاقتصادية بين الأردن والعالم
264 3 1 _aعمان: د.ن، د.ت
300 _a617ص
336 _atext
_btxt
_2rdacontent
337 _aunmediated
_bn
_2rdamedia
338 _avolume
_bnc
_2rdacarrier
650 4 _aتاريخ الاردن- الاردن- جلالة الملك عبدالله الثاني بن الحسين- علاقات دولية- علاقات اقتصادية
_948469
999 _aA21228
_c24796
_d24796